MARC details
| 000 -CABECERA |
| campo de control de longitud fija |
00844nam a2200241 a 4500 |
| 005 - FECHA Y HORA DE LA ÚLTIMA TRANSACCIÓN |
| campo de control |
20230323063543.0 |
| 008 - ELEMENTOS DE LONGITUD FIJA--INFORMACIÓN GENERAL |
| campo de control de longitud fija |
060609s2003 mx r 000 0 spa d |
| 020 ## - NÚMERO INTERNACIONAL NORMALIZADO PARA LIBROS |
| Número Internacional Estándar del Libro |
9707290153 |
| 035 ## - NÚMERO DE CONTROL DEL SISTEMA |
| Número de control de sistema |
UPN01000145313 |
| 049 ## - COLECCIÓN |
| Colección |
CG |
| 050 #4 - SIGNATURA TOPOGRÁFICA DE LA BIBLIOTECA DEL CONGRESO |
| Número de clasificación |
RC521 |
| Número de documento/Ítem |
A7.2 |
| 100 1# - ASIENTO PRINCIPAL--NOMBRE PERSONAL |
| Nombre de persona |
Arango Lasprilla, Juan Carlos |
| 245 14 - MENCIÓN DE TÍTULO |
| Título |
Las demencias : |
| Resto del título |
aspectos clínicos, neuropsicológicos y tratamiento / |
| Mención de responsabilidad, etc. |
Juan Carlos Arango Lasprilla, Sara Fernández Guinea, Alfredo Ardila ; ed. José Luis Morales Saavedra. |
| 260 ## - PUBLICACIÓN, DISTRIBUCIÓN, ETC. |
| Lugar de publicación, distribución, etc. |
México : |
| Nombre del editor, distribuidor, etc. |
El Manual Moderno, |
| Fecha de publicación, distribución, etc. |
c2003. |
| 300 ## - DESCRIPCIÓN FÍSICA |
| Extensión |
464 p. : |
| Otras características físicas |
il. |
| 650 #2 - ASIENTO SECUNDARIO DE MATERIA - TERMINO TEMATICO |
| Término de materia o nombre geográfico como elemento de entrada |
Demencia |
| 9 (RLIN) |
5846 |
| 650 #7 - ASIENTO SECUNDARIO DE MATERIA - TERMINO TEMATICO |
| Término de materia o nombre geográfico como elemento de entrada |
Locura |
| Fuente del encabezamiento o término |
|
| 9 (RLIN) |
8401 |
| 650 #4 - ASIENTO SECUNDARIO DE MATERIA - TERMINO TEMATICO |
| Término de materia o nombre geográfico como elemento de entrada |
CEREBRO - |
| Subdivisión general |
ENFERMEDADES |
| 9 (RLIN) |
9622 |
| 700 1# - ASIENTO SECUNDARIO--NOMBRE DE PERSONAL |
| Nombre de persona |
Fernández Guinea, Sara, |
| Término indicativo de función/relación |
coaut. |
| 700 1# - ASIENTO SECUNDARIO--NOMBRE DE PERSONAL |
| Nombre de persona |
Ardila, Alfredo |
| Término indicativo de función/relación |
coaut. |
| 9 (RLIN) |
32892 |
| 700 1# - ASIENTO SECUNDARIO--NOMBRE DE PERSONAL |
| Nombre de persona |
Morales Saavedra, José Luis, |
| Término indicativo de función/relación |
ed. |
| 905 ## - TIPO DE MATERIAL |
| Tipo de material |
Libro |